| 000 | 00728nam a2200229 4500 | ||
|---|---|---|---|
| 003 | OSt | ||
| 005 | 20240618083058.0 | ||
| 006 | a | ||
| 008 | 240618b |||||||| |||| 00| 0 eng d | ||
| 020 | _a0838405932 | ||
| 040 |
_aDWCL-Main lib. _cOC |
||
| 082 |
_2Sixth edition _aCirc. 448.242 Sl48i 2003 |
||
| 100 | _aSt. Onge, Susan S. | ||
| 245 | _aInteraction : re’vision de grammaire francaise / | ||
| 250 | _aSixth edition | ||
| 260 |
_aBoston : _bThomson Corp. , _cc2003. |
||
| 300 |
_aviii, _b404 p. col. : ill. ; _c25 cm. |
||
| 504 | _aIncludes index. | ||
| 650 | _a1. French language-Textbooks for foreign speakers–English. | ||
| 650 | _a2. French language-Grammar. | ||
| 942 |
_2ddc _n0 _cBK-CIRC _eSixth edition _kCirc. |
||
| 999 |
_c841 _d841 |
||